000 01137nam a22002777a 4500
999 _c65879
_d65879
005 20240530110847.0
008 201027s2020 ua g b 000 0 ara d
017 _a15303
_bمصر. دار الكتب
020 _a9789777537612
040 _aEG-CaGPL
_cEG-CaGPL
082 0 4 _221
_a378.17/
_bع ن
100 0 _aعبير فاروق حسن احمد السراج
245 1 0 _aنظام الساعات المعتمدة :
_bالاسس والاهداف والتقويم /
_cعبير فاروق حسن احمد السراج
250 _aط.1
260 _aالقاهرة :
_bدار الوفاء لدنيا الطباعة و النشر،
_c2020.
300 _a240 ص. ؛
_c24 سم +
_eملاحق.
504 _aيشتمل على ارجاعات ببليوجرافية
650 0 7 _2qrmak
_aالتخطيط التربوى
650 0 7 _2qrmak
_aالتعليم
_xاغراضه واهدافه
650 0 7 _2qrmak
_aالمناهج
650 0 7 _2qrmak
_aالوسائل التعليمية
651 _2qrmak
653 0 _aالتعليم - الساعات المعتمدة
942 _2ddc
_cBK